000 00217nam a2200097Ia 4500
005 20251222113741.0
008 251222s1900||||xx |||||||||||||| ||spa||
082 _aDVD0080/A64/2006
245 0 _aAmazing grace:
942 _cDVD
999 _c614
_d614